000 00428nam a2200181Ia 4500
005 20240823045204.0
008 240823s9999||||xx |||||||||||||| ||und||
041 _aENGLISH
082 _A401.4
100 _aVasantha Mallika S et al.
245 0 _aGuide to Communication English
250 _a1st
260 _bN V Publicat
500 _aTRANSFERED
650 _aCommunication
_bEnglish
942 _cBK
999 _c214382
_d214382